000 00444nam a2200181Ia 4500
001 22536
005 20260414150838.0
008 260414t1996||||xx |||||||||||||| ||spa||
041 _aESP
082 _a621.382
_bG24
100 _aGarcía Tomas, Jesús,
_eAUT
245 0 _aIntroducción a la teleinformática
_b
260 _c1996
300 _axiv, 296 páginas :
_c24 cm.
650 _aTCA
654 _aCET
942 _cLIB
_dJUS
_fJUS
_2ddc
_n
999 _c22536
_d22536